El Perú

Saved in:
Bibliografiske detaljer
Hovedforfatter: Raimondi, Antonio
Format: Bog
Sprog:spansk
Udgivet: Lima, Perú Imprenta del Estado. 1874
Fag:
Tags: Tilføj Tag
Ingen Tags, Vær først til at tagge denne postø!

MARC

LEADER 00000nam a2200000 a 4500
001 UCJ6340
003 CL-VaPUC
005 20241217105905.0
008 070124e18740000PE |||||||||||||||||spa|d
999 |c 322448  |d 322446 
040 |c Pontificia Universidad Católica de Valparaíso 
082 0 4 |a 918.5 RAI 1874  |2 21 
100 0 |a Raimondi, Antonio  |9 512882 
245 1 3 |a El Perú 
260 0 3 |a Lima, Perú  |b Imprenta del Estado.  |c 1874 
300 |a 3 tomos. 
500 |a Escudo del Perú. Mapas e ilustraciones, escasos para la naturaleza de la obra, conforme a lo señalado 
505 |a t.1: Parte preliminar. t.2: Historia de la geografía del Perú, Libro primero. t.3: Historia de la geografía del Perú, Libro Segundo. 
583 |a last modification  |c 20070124 00:00:00  |k Rodrigo Vera 
650 7 |a GEOGRAFIA DE PERU  |2 CL-VaPUC  |9 447299 
650 0 |a Etnografía   |9 309735 
650 0 |a Colonización  |9 265172 
650 7 |a MISIONES  |2 CL-VaPUC  |9 269280 
650 0 |a Aborígenes  |9 329972 
650 0 |a Recursos naturales  |9 255232 
650 0 |a Ilustraciones  |9 369481 
650 0 |a Flora y fauna  |9 338564 
650 0 |a Mapas  |9 260844 
650 0 |a Historia del Perú   |9 430972 
942 |c BK  |2 ddc 
945 |d 20070124 00:00:00  |a rinostro 
952 |0 0  |1 0  |2 ddc  |4 0  |6 918_500000000000000_RAI_1874  |7 0  |8 X  |9 401439  |a FDOBUD  |b FDOBUD  |d 2019-11-22  |h t.1  |i 1046888  |o 918.5 RAI 1874  |p 1046888  |r 2019-11-22  |t 1  |w 2019-11-22  |y BK_X  |k BUD 
952 |0 0  |1 0  |2 ddc  |4 0  |6 918_500000000000000_RAI_1874  |7 0  |8 X  |9 401440  |a FDOBUD  |b FDOBUD  |d 2019-11-22  |h t.2  |i 1046896  |o 918.5 RAI 1874  |p 1046896  |r 2019-11-22  |t 1  |w 2019-11-22  |y BK_X  |k BUD 
952 |0 0  |1 0  |2 ddc  |4 0  |6 918_500000000000000_RAI_1874  |7 0  |8 X  |9 401441  |a FDOBUD  |b FDOBUD  |d 2019-11-22  |h t.3  |i 104690K  |o 918.5 RAI 1874  |p 104690K  |r 2019-11-22  |t 1  |w 2019-11-22  |y BK_X  |k BUD 
952 |0 0  |1 0  |2 ddc  |4 0  |6 918_500000000000000_RAI_1874  |7 0  |8 X  |9 401442  |a FDOBUD  |b FDOBUD  |d 2019-11-22  |h t.1  |i 4604849  |o 918.5 RAI 1874  |p 4604849  |r 2019-11-22  |t 2  |w 2019-11-22  |y BK_X  |k BUD 
952 |0 0  |1 0  |2 ddc  |4 0  |6 918_500000000000000_RAI_1874  |7 0  |8 X  |9 401443  |a FDOBUD  |b FDOBUD  |d 2019-11-22  |h t.2  |i 4604857  |o 918.5 RAI 1874  |p 4604857  |r 2019-11-22  |t 2  |w 2019-11-22  |y BK_X  |k BUD 
952 |0 0  |1 0  |2 ddc  |4 0  |6 918_500000000000000_RAI_1874  |7 0  |8 X  |9 401444  |a FDOBUD  |b FDOBUD  |d 2019-11-22  |h t.3  |i 4604865  |o 918.5 RAI 1874  |p 4604865  |r 2019-11-22  |t 2  |w 2019-11-22  |y BK_X  |k BUD